Score 0/50 Timer 10:00
0 Plays Today
Play Playwright % Correct
HamletWilliam Shakespeare
93.4%
Death of a SalesmanArthur Miller
80.4%
A Streetcar Named DesireTennessee Williams
80%
The Importance of Being EarnestOscar Wilde
76.8%
A Doll's HouseHenrik Ibsen
72.7%
Waiting for GodotSamuel Beckett
63%
Oedipus RexSophocles
62.2%
TartuffeMoliere
55.6%
Rosencrantz and Guildenstern are DeadTom Stoppard
53.1%
The Cherry OrchardAnton Chekhov
52.2%
Who's Afraid of Virginia Woolf?Edward Albee
49.3%
FaustJohann Wolfgang von Goethe
49%
The Iceman ComethEugene O'Neill
47.3%
The Tragical History of Doctor FaustusChristopher Marlowe
47.2%
Our TownThornton Wilder
47.2%
No ExitJean-Paul Sartre
45.1%
Glengarry Glen RossDavid Mamet
44.1%
Arms and the ManGeorge Bernard Shaw
41.1%
Blithe SpiritNoel Coward
37.7%
MedeaEuripides
36.8%
LysistrataAristophanes
35.9%
FencesAugust Wilson
35.1%
The Caucasian Chalk CircleBertolt Brecht
33.2%
RhinocerosEugene Ionesco
32.7%
The OresteiaAeschylus
31.2%
Play Playwright % Correct
Angels in AmericaTony Kushner
30%
Miss JulieAugust Strindberg
29%
The Little FoxesLillian Hellman
28.1%
Six Characters in Search of an AuthorLuigi Pirandello
27.5%
VolponeBen Jonson
25.8%
ZaïreVoltaire
23.2%
The School for ScandalRichard Brinsley Sheridan
22.3%
PhèdreJean Racine
22.2%
Waiting for LeftyClifford Odets
17.1%
The Duchess of MalfiJohn Webster
16%
Master Harold ... and the BoysAthol Fugard
14.6%
The BalconyJean Genet
14.6%
The Lower DepthsMaxim Gorky
13.5%
Le CidPierre Corneille
12.8%
How I Learned to DrivePaula Vogel
12.6%
The Way of the WorldWilliam Congreve
11.7%
Miles GloriosusPlautus
11.7%
The Madness of HerculesSeneca
10.3%
Life is a DreamPedro Calderon de la Barca
10.2%
The BrothersTerence
9.2%
The Widow from ValenciaLope de Vega
9%
The Infernal MachineJean Cocteau
8.4%
Death and the King's HorsemanWole Soyinka
7.7%
The Honest Wh*reThomas Dekker
6.9%
The Beaux' StratagemGeorge Farquhar
6.3%
Remove Ads.
Support Sporcle.
Get the best of Sporcle when you Go Orange. This ad-free experience offers more features, more stats, and more fun while also helping to support Sporcle. Thank you for becoming a member.

You're not logged in!

Compare scores with friends on all Sporcle quizzes.
OR
Log In

Show Comments

Extras

Top Quizzes Today


Score Distribution

Your Account Isn't Verified!

In order to create a playlist on Sporcle, you need to verify the email address you used during registration. Go to your Sporcle Settings to finish the process.

Report this User

Report this user for behavior that violates our Community Guidelines.

Details: